To kill a mockingbird (Record no. 10698)
[ view plain ]
| 000 -LEADER | |
|---|---|
| fixed length control field | 00809nam a22003137a 4500 |
| 003 - CONTROL NUMBER IDENTIFIER | |
| control field | LC |
| 005 - DATE AND TIME OF LATEST TRANSACTION | |
| control field | 20160308151245.0 |
| 008 - FIXED-LENGTH DATA ELEMENTS--GENERAL INFORMATION | |
| fixed length control field | 130909t xxu||||| |||| 00| 0 eng d |
| 020 ## - INTERNATIONAL STANDARD BOOK NUMBER | |
| International Standard Book Number | 9780446310789 |
| 020 ## - INTERNATIONAL STANDARD BOOK NUMBER | |
| International Standard Book Number | 0446310786 |
| 050 ## - LIBRARY OF CONGRESS CALL NUMBER | |
| Classification number | PS 3562 |
| Item number | .L477 1960 |
| 082 ## - DEWEY DECIMAL CLASSIFICATION NUMBER | |
| Classification number | FIC L51k |
| Item number | 1960 |
| 100 ## - MAIN ENTRY--PERSONAL NAME | |
| Personal name | Lee, Harper |
| 245 ## - TITLE STATEMENT | |
| Title | To kill a mockingbird |
| Statement of responsibility, etc | Harper Lee |
| 260 ## - PUBLICATION, DISTRIBUTION, ETC. (IMPRINT) | |
| Place of publication, distribution, etc | Pennsylvana : |
| Name of publisher, distributor, etc | J. B. Lippincott Company, |
| Date of publication, distribution, etc | c1960. |
| 300 ## - PHYSICAL DESCRIPTION | |
| Extent | 281 p. : |
| Other physical details | ill. ; |
| Dimensions | 17 cm. |
| 650 ## - SUBJECT ADDED ENTRY--TOPICAL TERM | |
| Topical term or geographic name as entry element | Fathers and daughters |
| Form subdivision | Fiction. |
| 650 ## - SUBJECT ADDED ENTRY--TOPICAL TERM | |
| Topical term or geographic name as entry element | Trials (Rape) |
| 650 ## - SUBJECT ADDED ENTRY--TOPICAL TERM | |
| Topical term or geographic name as entry element | Girls |
| 650 ## - SUBJECT ADDED ENTRY--TOPICAL TERM | |
| Topical term or geographic name as entry element | Southern States |
| 655 ## - INDEX TERM--GENRE/FORM | |
| Genre/form data or focus term | Domestic fiction. |
| 655 ## - INDEX TERM--GENRE/FORM | |
| Genre/form data or focus term | Bildungsromans. |
| 655 ## - INDEX TERM--GENRE/FORM | |
| Genre/form data or focus term | Legal stories. |
| 942 ## - ADDED ENTRY ELEMENTS (KOHA) | |
| Source of classification or shelving scheme | Library of Congress Classification |
| Koha item type | Books |
| Withdrawn status | Lost status | Source of classification or shelving scheme | Damaged status | Home library | Current library | Shelving location | Date acquired | Source of acquisition | Total Checkouts | Total Renewals | Full call number | Barcode | Checked out | Date last seen | Date checked out | Copy number | Price effective from | Koha item type | Public note |
|---|---|---|---|---|---|---|---|---|---|---|---|---|---|---|---|---|---|---|---|
| Library of Congress Classification | Luxembourg Library | Luxembourg Library | Fiction Section | 09/09/2013 | Donation | 13 | 12 | PS 3562 .L477 1960 | 18884 | 10/14/2025 | 10/07/2025 | 10/07/2025 | 1 | 09/09/2013 | Books | LOST AND REPLACE BY: AURELIO RODOLFO GARCIA WITH SAME TITLE AY 2016-2017 | |||
| Library of Congress Classification | Luxembourg Library | Luxembourg Library | Fiction Section | 09/09/2013 | 8 | PS 3562 .L477 1960 | 15195 | 10/14/2025 | 10/07/2025 | 10/07/2025 | 2 | 09/09/2013 | Books | ||||||
| Library of Congress Classification | Luxembourg Library | Luxembourg Library | Fiction Section | 09/09/2013 | 17 | 4 | PS 3562 .L477 1960 | 18882 | 03/11/2025 | 02/18/2025 | 3 | 09/09/2013 | Books | ||||||
| Library of Congress Classification | Luxembourg Library | Luxembourg Library | Fiction Section | 09/09/2013 | 4 | 3 | PS 3562 .L477 1960 | 13988 | 10/02/2024 | 09/25/2024 | 4 | 09/09/2013 | Books |